000 00494nam a2200181Ia 4500
005 20250326142622.0
008 250326s9999 xx 000 0 und d
037 _aTextbook
040 _aFMSL
_beng
_cFMSL
041 _aeng
_2eng
084 _qFMSL
100 _aI S O 9000
_9746325
245 0 _aI S O 9000 Hand book of Quality standards and compliance
_cI S O 9000
260 _aBostan
_bBostan, Allyn and Bacon
_c1992
300 _a216p
942 _cTB
999 _c1295856
_d1295856